| 000 | 02444nam a2200373 a 4500 | ||
|---|---|---|---|
| 001 | 78108 | ||
| 003 | BD-RjUL | ||
| 005 | 20211209083105.0 | ||
| 008 | 210322s2011 bg ||||| m||| 00| 0 ben d | ||
| 035 | _a(BD-RjUL)78334 | ||
| 040 |
_aBD-RjUL _bben/eng _dBD-RjUL |
||
| 041 | _aben | ||
| 082 |
_223 _a341.67 _bRAB 2011 |
||
| 100 |
_aরহমান, মো. মিজানুর _9246378 |
||
| 245 | 1 | 0 |
_aবাংলাদেশের ভূমি আইন : _bঅর্পিত সম্পত্তি আইনের নৈতিক মূল্যায়ন / _c মো. মিজানুর রহমান ; _6সুপারভাইজার : জিতেন্দ্র নাথ সরকার ; কো - সুপারভাইজার : মো. আহসান কবির |
| 260 |
_aরাজশাহী : _bদর্শন বিভাগ, রাজশাহী বিশ্ববিদ্যালয়, _c২০১১ |
||
| 300 |
_a[৩], vi, ২৯৪ পাতা ; _c২৯ সেমি. |
||
| 502 | _aথিসিস (পিএইচ. ডি.) -- দর্শন বিভাগ, রাজশাহী বিশ্ববিদ্যালয়, ২০১১ | ||
| 504 | _aগ্রন্থপঞ্জী : পাতা [২৭৬]-২৯৪ | ||
| 600 |
_a _c . _d _q _x _y _9247436 |
||
| 650 |
_aশত্রু সম্পত্তি _zবাংলাদেশ _9246510 |
||
| 650 |
_aEnemy property _zBangladesh _9246511 |
||
| 650 |
_aহিন্দু _xআইনী অবস্থা, আইন ইত্যাদি _zবাংলাদেশ _9246512 |
||
| 650 |
_aHindus _xLegal status, laws, etc. _zBangladesh. _9246513 |
||
| 650 |
_aজমির ভোগদখলী _zবাংলাদেশ _9242901 |
||
| 650 |
_aLand tenure _xLaw and legislation _zBangladesh. _9246520 |
||
| 650 |
_a ভূমি সংস্কার _xআইন ও বিধিবিধান _zবাংলাদেশ। _9246521 |
||
| 650 |
_aLand reform _xLaw and legislation _zBangladesh _9246522 |
||
| 650 |
_aসম্পত্তি ত্যাগ _zবাংলাদেশ _9246523 |
||
| 650 |
_a Abandonment of property _zBangladesh _9246524 |
||
| 700 |
_aসরকার, জিতেন্দ্র নাথ, সুপারভাইজার _9246381 |
||
| 700 |
_aকবির, মো. আহসান, কো - সুপারভাইজার _9246382 |
||
| 942 |
_2ddc _cTHE |
||
| 999 |
_c78108 _d78108 |
||